Výhody a rizika srovnávací reklamy

Legislatívna úprava použitia porovnávacej reklamy v Českej republike. Text úpravy porovnávacej reklamy prebratý zo smernice Európskeho parlamentu a Rady 97/55/ES. Porovnávacia reklama všeobecne zakázaná a prípustná len za určitých podmienok. Definícia porovnávacej reklamy. Prípustnosť porovnávacej...

Descrizione completa

Salvato in:
Dettagli Bibliografici
Autore principale: Štajer, Libor
Natura: Capitolo di libro
Lingua:ceco
Soggetti:
Tags: Aggiungi Tag
Nessun Tag, puoi essere il primo ad aggiungerne!!

MARC

LEADER 00000naa$a2200000$$$4500
001 0038931
005 20231018125846.3
041 0 |a cze 
044 |a CZ 
245 1 0 |a Výhody a rizika srovnávací reklamy  |c Libor Štajer 
520 |a Legislatívna úprava použitia porovnávacej reklamy v Českej republike. Text úpravy porovnávacej reklamy prebratý zo smernice Európskeho parlamentu a Rady 97/55/ES. Porovnávacia reklama všeobecne zakázaná a prípustná len za určitých podmienok. Definícia porovnávacej reklamy. Prípustnosť porovnávacej reklamy podľa uvedenej smernice. 
610 2 0 |a reklama 
610 2 0 |a reklama porovnávacia 
610 2 0 |a súťaž hospodárska 
610 2 0 |a právo 
610 2 0 |a harmonizácia 
610 2 0 |a legislatíva 
610 2 0 |a Česko 
610 2 0 |a Európska únia 
100 1 |a Štajer, Libor